00617nam a22002177a 450000500170000001000130001702000210003003500130005103700160006404000120008008200160009210000140010824500520012224600060017426000410018027000450022130000270026650000430029365000370033665000260037320170124110252.0 aB-063197 c00.00a817808113 aB-063197 bCen Lib/Ret aDPLbEN a005.43bKUN aKunth, A. aThe art of computer programming /cby A. Kunth  b  aDelhi bPearson Education, Incc2002 bDelhi a482, F.I.E., Patparganj e110092 axiii, 780p. c22cm(Hb) aIncludes appendix, glossary and index  aComputer science -- Programming  aComputer programming